| 000 | 01039nam a2200313 i 4500 | ||
|---|---|---|---|
| 001 | 12114 | ||
| 003 | ES-MaACL | ||
| 005 | 20250902063049.0 | ||
| 007 | t| | ||
| 008 | 970411s1996 sp ||||1| spa d | ||
| 020 | _a84-297-414-3 | ||
| 080 | _a850-992"19" | ||
| 080 | _a915.40 | ||
| 080 | _a929 Moravia, Alberto (049.3) | ||
| 100 | 1 |
_aPasolini, Pier Paolo, _d1922-1975 _989424 |
|
| 245 | 1 | 3 |
_aEl olor de la India / _cPier Paolo Pasolini ; con una entrevista de Renzo Paris a Alberto Moravia ; traducción de Atilio Pentimalli Melacrino. |
| 250 | _a1ª. | ||
| 260 |
_aBarcelona : _bPenínsula, _c1996. |
||
| 300 |
_a119 p. ; _c22 cm. |
||
| 490 | 1 |
_aFicciones ; _v8 |
|
| 600 | 1 | 4 |
_aMoravia, Alberto, _d1907-1990- _xEntrevistas _983167 |
| 651 | 4 |
_aIndia- _xDescripción. _98839 |
|
| 700 | 1 |
_aParis, Renzo. _989144 |
|
| 700 | 1 |
_aMoravia, Alberto, _d1907-1990 _983166 |
|
| 700 | 1 |
_aPentimalli, Atilio. _990195 |
|
| 830 | 0 |
_aFicciones ; _v8 _9179319 |
|
| 852 |
_aES-MaACL _jL-19477 _bR.125678 |
||
| 999 |
_c12114 _d12114 |
||